|
|
|
|
| LEADER |
00000nam0a2200000 4500 |
| 001 |
166492 |
| 005 |
20231101222628.0 |
| 020 |
|
|
|a RU
|b 91-22253
|
| 035 |
|
|
|a (RuTPU)RU\TPU\book\180602
|
| 090 |
|
|
|a 166492
|
| 100 |
|
|
|a 20091002d1989 k a0rusy5003 ca
|
| 101 |
0 |
|
|a rus
|
| 102 |
|
|
|a UZ
|
| 105 |
|
|
|a a z 001zy
|
| 200 |
1 |
|
|a Динамические задачи механики сплошной среды
|e сборник научных трудов
|f Ташкентский государственный университет ; под ред. Т. А. Азиарова
|
| 210 |
|
|
|a Ташкент
|c ТашГУ
|d 1989
|
| 215 |
|
|
|a 116 с.
|c ил.
|d 20 см
|
| 320 |
|
|
|a Библиогр. в конце ст.
|
| 610 |
1 |
|
|a механика
|
| 610 |
1 |
|
|a сплошные среды
|
| 610 |
1 |
|
|a динамические задачи
|
| 610 |
1 |
|
|a жидкость
|
| 610 |
1 |
|
|a течение
|
| 610 |
1 |
|
|a почва
|
| 610 |
1 |
|
|a эрозия
|
| 610 |
1 |
|
|a устойчивость
|
| 610 |
1 |
|
|a упругие волны
|
| 610 |
1 |
|
|a дифракция
|
| 675 |
|
|
|a 531/534
|z rus
|
| 702 |
|
1 |
|a Азиаров
|b Т. А.
|4 340
|
| 712 |
0 |
2 |
|a Ташкентский государственный университет
|2 stltpush
|3 (RuTPU)RU\TPU\col\10690
|9 24904
|
| 801 |
|
0 |
|a RU
|b RuMRKP
|c 19950417
|g psbo
|
| 801 |
|
1 |
|a RU
|b 63413507
|c 20091002
|
| 801 |
|
2 |
|a RU
|b 63413507
|c 20150209
|g RCR
|
| 942 |
|
|
|c BK
|